| 000 | 00429 a2200109 4500 | ||
|---|---|---|---|
| 001 | ART_42457 | ||
| 005 | 20260410161935.0 | ||
| 008 | 260409a | ||
| 245 | 1 | 0 | _aEstrategias ¿Qué son las decisiones estratégicas? |
| 100 | 1 | _aCogliati, Pablo Miguel | |
| 773 | 0 |
_tBoletin del Consejo Profesional de Ciencias Económicas de la Provincia de Santa Fe (camara segunda) _g- Año XXVII, Nº 332 (jun. 2017) _wREV25058 |
|
| 999 |
_c28928 _d28928 |
||